Banderas Históricas de Países del Mundo - Estadísticas

Estadísticas generales
  • Esta prueba ha sido intentada 51 veces
    42 desde el último reinicio
  • La puntuación promedio es 56 de 92
Estadísticas de respuestas
Imagen Respuesta % Correcto
Cuba
91%
Suecia
91%
España
88%
Paraguay
88%
Serbia
88%
Uruguay
88%
Bulgaria
85%
China
85%
Chipre
85%
Japón
85%
Nepal
85%
Bután
82%
Corea del sur / Corea del Norte
82%
México
82%
Alemania
79%
Austria
79%
Chile
79%
Estados Unidos
79%
Etiopía
79%
Honduras
79%
Marruecos
79%
Portugal
79%
Reino Unido
79%
Sri Lanka
79%
Turquía
79%
Argentina
76%
Armenia
76%
Brasil
76%
Costa Rica
76%
Francia
76%
Guinea ecuatorial
76%
Irlanda
76%
Líbano
76%
Liberia
76%
Mauritania
76%
República Dominicana
76%
Rumanía
76%
Bélgica
73%
Croacia
73%
Hungria
73%
Irán
73%
Kiribati
73%
Mali
73%
Sudáfrica
73%
Venezuela
73%
Burundi
70%
Camboya
70%
Nicaragua
70%
Países Bajos
70%
Bangladesh
67%
Grecia
67%
Libia
67%
Perú
67%
Polonia
67%
Ruanda
67%
Rusia
67%
Australia
64%
Canadá
64%
Dinamarca
64%
El Salvador
64%
Camerún
61%
República Democrática del Congo
61%
Colombia
58%
Liechtenstein
58%
Lituania
58%
Argelia
55%
Egipto
48%
India
48%
Noruega
48%
Esuatini / Suazilandia
45%
Italia
45%
Mongolia
42%
Ecuador
39%
Finlandia
36%
Albania
33%
Bolivia
30%
Papúa Nueva Guinea
30%
Zimbabue
27%
Lesoto
24%
Filipinas
18%
Irak
18%
Islandia
18%
Omán
15%
Ucrania
15%
Andorra
12%
Guatemala
12%
Montenegro
12%
Senegal
9%
Surinam
9%
Bosnia y Herzegovina
6%
Samoa
6%
Fiyi
3%
No se encontraron pruebas coincidentes
Distribución de puntuación
Porcentaje de gente con cada puntuación
Porcentaje por número respondido
Historial de tus puntuaciones
No has intentado esta prueba desde el último reinicio